LEADER 01758nam 2200433z- 450 001 9910346710603321 005 20210211 010 $a1000047039 035 $a(CKB)4920000000094588 035 $a(oapen)https://directory.doabooks.org/handle/20.500.12854/51071 035 $a(oapen)doab51071 035 $a(EXLCZ)994920000000094588 100 $a20202102d2015 |y 0 101 0 $ager 135 $aurmn|---annan 181 $ctxt$2rdacontent 182 $cc$2rdamedia 183 $acr$2rdacarrier 200 00$aKeilgezinkte Rahmenecken und Satteldachtra?ger aus Brettsperrholz 210 $cKIT Scientific Publishing$d2015 215 $a1 online resource (180 p. p.) 225 1 $aKarlsruher Berichte zum Ingenieurholzbau / Karlsruher Institut für Technologie, Holzbau und Baukonstruktionen 311 08$a3-7315-0381-6 330 $aThe report describes the experimental and analytical research that was carried out for the development of large double pitched beams and three hinged frames made of cross laminated timber. The results are used to derive of design approaches for large finger joints in cross laminated timber. 606 $aHistory of engineering and technology$2bicssc 610 $aBrettsperrholz 610 $across Laminated timber 610 $adouble pitched beams 610 $aframe corners 610 $alarge finger joints 610 $aRahmenecke 610 $aSatteldachtra?ger 610 $aUniversal-Keilzinkenverbindung 615 7$aHistory of engineering and technology 700 $aBlaß$b Hans JoachimFlaig, Marcus$4auth$01309826 906 $aBOOK 912 $a9910346710603321 996 $aKeilgezinkte Rahmenecken und Satteldachträger aus Brettsperrholz$93029623 997 $aUNINA